Relationship marketing : exploring relational strategies in marketing. / (Record no. 1047)

MARC details
000 -LEADER
fixed length control field 00965nam a22001817a 4500
008 - FIXED-LENGTH DATA ELEMENTS--GENERAL INFORMATION
fixed length control field 120531t xxu||||| |||| 00| 0 eng d
020 ## - INTERNATIONAL STANDARD BOOK NUMBER
International Standard Book Number 0273686232 : 9780273686231
050 ## - LIBRARY OF CONGRESS CALL NUMBER
Classification number HF5415.55.E34
100 ## - MAIN ENTRY--PERSONAL NAME
Personal name Egan, John
245 ## - TITLE STATEMENT
Title Relationship marketing : exploring relational strategies in marketing. /
Statement of responsibility, etc. John, Eghan
250 ## - EDITION STATEMENT
Edition statement 2nd ed.
260 ## - PUBLICATION, DISTRIBUTION, ETC.
Place of publication, distribution, etc. Harlow :
Name of publisher, distributor, etc. Financial Times Prentice Hall,
Date of publication, distribution, etc. 2004.
300 ## - PHYSICAL DESCRIPTION
Extent xxiii, 268 p. :
Other physical details ill. ;
Dimensions 25 cm.
500 ## - GENERAL NOTE
General note Includes index.
505 ## - FORMATTED CONTENTS NOTE
Formatted contents note Contents: Relationships : Relationships in marketing -- Relationships -- Relationship economics -- Strategy continuum -- Relationship drivers -- The Core firm and its relationships : Customer partnerships -- Internal partnerships -- Supplier partnerships -- External partnerships -- Managing and controlling the relationship: Relationship technology -- Relationship management -- Back to the future.
650 ## - SUBJECT ADDED ENTRY--TOPICAL TERM
Topical term or geographic name entry element Relationship marketing.
942 ## - ADDED ENTRY ELEMENTS (KOHA)
Source of classification or shelving scheme Library of Congress Classification
Koha item type Books
Holdings
Withdrawn status Lost status Source of classification or shelving scheme Damaged status Not for loan Home library Current library Shelving location Date acquired Total Checkouts Full call number Barcode Date last seen Copy number Price effective from Koha item type
    Library of Congress Classification     WISCONSIN INTERNATIONAL UNIVERSITY COLLEGE, GHANA - MAIN LIBRARY WISCONSIN INTERNATIONAL UNIVERSITY COLLEGE, GHANA - MAIN LIBRARY General Stacks 31/05/2012   HF5415.55.E34 2369/12 31/05/2012 1 31/05/2012 Books
    Library of Congress Classification     WISCONSIN INTERNATIONAL UNIVERSITY COLLEGE, GHANA - MAIN LIBRARY WISCONSIN INTERNATIONAL UNIVERSITY COLLEGE, GHANA - MAIN LIBRARY General Stacks 31/05/2012   HF5415.55.E341 2370/12 31/05/2012 2 31/05/2012 Books
    Library of Congress Classification     WISCONSIN INTERNATIONAL UNIVERSITY COLLEGE, GHANA - MAIN LIBRARY WISCONSIN INTERNATIONAL UNIVERSITY COLLEGE, GHANA - MAIN LIBRARY General Stacks 31/05/2012   HF5415.55.E342 2371/12 31/05/2012 3 31/05/2012 Books

If you have any concerns or questions; kindly contact the library


© Powered by WIUC ICT DIRECTORATE